000 00723nam a2200265Ia 4500
005 20260320203333.0
008 008 262003s9999 xx 000 0 eng d
020 _a978-3-031-24294-6
037 _aEBOOK
040 _aCRL
040 _beng
040 _cCRL
041 _2eng
041 _aeng
084 _qCRL
100 _aNikolaos F. Matsatsinis, Fotis C. Kitsios, Michael A. Madas, Maria I. Kamariotou
_91137420
245 0 _aOperational Research in the Era of Digital Transformation and Business Analytics
260 _bSpringer
260 _c2023
650 _aPhysics
856 _uhttps://doi.org/10.1007/978-3-031-24294-6
942 _cEBOOK
999 _c1726197
_d1726197